[Event "Challenge"]
[Site "http://www.queenalice.com/game.php?id=1449793"]
[Date "2016.11.13"]
[Round "-"]
[White "zugzwangkid"]
[Black "modestyblase"]
[Result "1-0"]
[WhiteElo "1646"]
[BlackElo "2418"]

1. d4 d5 2. c4 dxc4 3. e3 Be6 4. Nc3 Nf6 5. Nf3 h6 6. e4 c6 7. Ne5 b5 8. f4 g6
9. Be2 Bg7 10. O-O Qb6 11. a4 O-O 12. f5 gxf5 13. exf5 Bc8 14. a5 Qd8 15. Be3 a6
16. Rf3 Kh7 17. Qd2 h5 18. Raf1 Bb7 19. Rh3 1-0

[Event "Challenge"]
[Site "http://www.queenalice.com/game.php?id=1449995"]
[Date "2016.11.13"]
[Round "-"]
[White "modestyblase"]
[Black "Bzwugzwang"]
[Result "1/2-1/2"]
[WhiteElo "2403"]
[BlackElo "2210"]

1. d4 d5 2. c4 c6 3. Nc3 Nf6 4. e3 a6 5. Qb3 e6 6. c5 Nbd7 7. Nf3 Be7 8. Be2 O-O
9. O-O b6 10. cxb6 Qxb6 11. Qxb6 Nxb6 12. Ne5 c5 13. Nc6 Bd6 14. Bd2 Bd7 15.
dxc5 Bxc5 16. Ne5 Be8 17. Nf3 Bd6 18. a4 Nc4 19. Bxc4 dxc4 20. Rfd1 Rb8 21. Be1
Bc5 22. a5 Rxb2 23. Na4 Bxa4 24. Rxa4 Rc2 25. Ne5 Rc8 26. Rxc4 Rxc4 27. Nxc4 Be7
28. Ne5 Kf8 29. Kf1 Ke8 30. Rb1 Bd6 31. Nd3 Nd7 32. h3 Rc7 33. Ke2 g5 34. g4
Rc2+ 35. Kd1 Rc7 36. Rb3 Kd8 37. f3 Rc4 38. Bb4 Bxb4 39. Nxb4 Nc5 40. Rb2 Na4
41. Rd2+ Kc8 42. Nxa6 Nc3+ 43. Ke1 Nd5 44. e4 Nf4 45. Rd6 Ra4 46. Rc6+ Kb7 47.
Nc5+ Kxc6 48. Nxa4 Kb5 49. Nb2 Kxa5 50. Nc4+ Kb4 51. Ne5 f6 52. Nd7 h5 53. Nxf6
h4 54. Nh5 Nxh3 55. e5 Kc4 56. Kf1 Kd4 57. Kg2 Nf4+ 1/2-1/2

[Event "Let's Play Chess!"]
[Site "http://www.queenalice.com/game.php?id=1468765"]
[Date "2017.3.14"]
[Round "-"]
[White "igorjava"]
[Black "modestyblase"]
[Result "0-1"]
[WhiteElo "1967"]
[BlackElo "2399"]

1. e4 e5 2. f4 exf4 3. Nf3 d6 4. Bc4 Be6 5. b3 Nc6 6. d4 Bxc4 7. bxc4 g5 8. h3
h6 9. O-O Bg7 10. Bb2 Nge7 11. Qe2 Qd7 12. c3 g4 13. hxg4 Qxg4 14. Nbd2 O-O-O
15. Qf2 Ng6 16. Nh2 Qg3 17. Rfe1 h5 18. Ndf1 Qxf2+ 19. Kxf2 Bf6 20. Nd2 Bh4+ 21.
Kg1 Bxe1 22. Rxe1 h4 23. Nhf3 h3 24. Bc1 hxg2 25. Kxg2 Rh5 26. Nf1 Nh4+ 27. Nxh4
Rxh4 28. Nh2 Rg8+ 29. Kh1 f3 30. Rg1 Rxg1+ 31. Kxg1 f2+ 32. Kg2 Rxh2+ 0-1

[Event "Let's Play Chess!"]
[Site "http://www.queenalice.com/game.php?id=1468766"]
[Date "2017.3.14"]
[Round "-"]
[White "modestyblase"]
[Black "igorjava"]
[Result "1-0"]
[WhiteElo "2398"]
[BlackElo "1981"]

1. d4 d5 2. c4 c6 3. e3 Nf6 4. h3 e6 5. a3 a5 6. Nf3 Be7 7. Nc3 b6 8. Rb1 Ba6 9.
Nd2 Nbd7 10. b4 axb4 11. axb4 dxc4 12. b5 cxb5 13. Nxb5 c3 14. Nf3 O-O 15. Bd3
Bxb5 16. Rxb5 Ra1 17. O-O Ba3 18. Qc2 Qc7 19. Rb3 Bxc1 20. Rxc3 Qb7 21. Rxc1
Rxc1+ 22. Qxc1 Nd5 23. Rc2 Nb4 24. Bxh7+ Kxh7 25. Rc7 Qd5 26. Qb1+ f5 27. Qxb4
Rg8 28. Qe7 Nf8 29. Qh4+ Kg6 30. Qg5+ Kh7 31. Qh5# 1-0

[Event "Challenge"]
[Site "http://www.queenalice.com/game.php?id=1478805"]
[Date "2017.5.19"]
[Round "-"]
[White "bobjgirl"]
[Black "modestyblase"]
[Result "0-1"]
[WhiteElo "2364"]
[BlackElo "2400"]

1. Nf3 Nf6 2. c4 c5 3. Nc3 d5 4. cxd5 Nxd5 5. g3 Nc6 6. Bg2 Nc7 7. O-O e5 8. d3
Be7 9. Be3 O-O 10. Rc1 Bd7 11. Nd2 Rc8 12. Nce4 b6 13. Nc4 Nb5 14. a4 Nbd4 15.
Bd2 Be6 16. e3 Nf5 17. Bc3 f6 18. Qe2 Qd7 19. Rfd1 Nh6 20. h4 Bg4 21. Bf3 Bxf3
22. Qxf3 f5 23. Ng5 Ng4 24. Nh3 Bd8 25. Kg2 Bc7 26. d4 cxd4 27. exd4 e4 28. Qe2
f4 29. Qxe4 f3+ 30. Kg1 Rce8 31. Qb1 h6 32. d5 Nf6 33. Kh2 Bxg3+ 34. fxg3 Re2+
0-1

[Event "Challenge"]
[Site "http://www.queenalice.com/game.php?id=1478806"]
[Date "2017.5.19"]
[Round "-"]
[White "modestyblase"]
[Black "bobjgirl"]
[Result "1-0"]
[WhiteElo "2407"]
[BlackElo "2363"]

1. d4 Nf6 2. c4 g6 3. Nc3 d5 4. cxd5 Nxd5 5. e4 Nxc3 6. bxc3 Bg7 7. Bb2 O-O 8.
Nf3 c5 9. Be2 Nc6 10. d5 Ne5 11. O-O b6 12. Nxe5 Bxe5 13. f4 Bg7 14. Qb3 e6 15.
c4 exd5 16. Bxg7 Kxg7 17. cxd5 Re8 18. e5 Bf5 19. a4 Rb8 20. Rad1 f6 21. e6 Qd6
22. g4 Be4 23. Bc4 f5 24. Qc3+ Kg8 25. gxf5 Bxf5 26. Qe5 Rbd8 27. Ra1 Re7 28.
Rf2 a6 29. Rb2 a5 30. Ra3 1-0

[Event "Let's Play Chess!"]
[Site "http://www.queenalice.com/game.php?id=1484981"]
[Date "2017.7.8"]
[Round "-"]
[White "amaisi"]
[Black "modestyblase"]
[Result "0-1"]
[WhiteElo "2254"]
[BlackElo "2414"]

1. d4 d5 2. Bg5 f6 3. Bf4 c5 4. c3 Nc6 5. e3 e5 6. Bg3 Qb6 7. b3 cxd4 8. exd4 h5
9. Nf3 e4 10. Nh4 Kf7 11. Be2 Nge7 12. Na3 g5 0-1

[Event "Challenge"]
[Site "http://www.queenalice.com/game.php?id=1502014"]
[Date "2017.11.4"]
[Round "-"]
[White "tucuman"]
[Black "modestyblase"]
[Result "0-1"]
[WhiteElo "2077"]
[BlackElo "2419"]

1. e4 c5 2. c4 e5 3. Nc3 Nf6 4. d3 h6 5. Nf3 Nc6 6. h3 Be7 7. Be2 a6 8. O-O d6
9. Nh2 g5 10. Bg4 Nxg4 11. hxg4 Be6 12. Be3 f6 13. Nd5 b5 14. b3 Rb8 15. f3 Qd7
16. Rb1 Bd8 17. Qd2 b4 18. g3 h5 19. Qe2 h4 20. gxh4 Rxh4 21. Rfe1 Qh7 22. Qg2
Rb7 23. Nf1 Qh8 24. Rb2 Rbh7 25. Ng3 Rh3 26. Ree2 Nd4 27. Bxd4 exd4 28. Nh5
R7xh5 29. gxh5 Qxh5 30. f4 Bg4 31. fxg5 fxg5 32. Rf2 Qh4 33. Rf1 Rg3 34. Qxg3
Qxg3+ 35. Rg2 Qh4 36. Rgf2 Bh3 37. Rf8+ Kd7 38. R1f2 Qg3+ 39. Kh1 g4 40. e5 dxe5
41. Nf6+ Bxf6 42. R8xf6 Bg2+ 43. Rxg2 Qh4+ 44. Kg1 Qxf6 45. Rxg4 Qf3 46. Rg6
Qxd3 47. Rxa6 Qg3+ 48. Kh1 d3 49. Ra7+ Kc6 50. Ra6+ Kb7 51. Rd6 d2 52. Rxd2 Qe1+
0-1

[Event "Challenge"]
[Site "http://www.queenalice.com/game.php?id=1507107"]
[Date "2017.12.8"]
[Round "-"]
[White "modestyblase"]
[Black "tucuman"]
[Result "0-1"]
[WhiteElo "2420"]
[BlackElo "2227"]

1. d4 d5 2. c4 Nf6 3. Nc3 e6 4. a3 c5 5. dxc5 Bxc5 6. b4 Bxf2+ 7. Kxf2 Ng4+ 8.
Kg3 Qf6 9. Nf3 h5 10. Bg5 Qxc3 11. cxd5 O-O 12. Qc1 Nf6 13. Qxc3 Ne4+ 14. Kh4
Nxc3 15. Be7 Re8 16. d6 Nc6 17. Rc1 Nxe7 18. Rxc3 Nf5+ 19. Kxh5 g6+ 20. Kg5 Nxd6
21. Nd2 Kg7 22. e4 e5 23. Kh4 a5 24. b5 Rd8 0-1

[Event "Challenge"]
[Site "http://www.queenalice.com/game.php?id=1507930"]
[Date "2017.12.14"]
[Round "-"]
[White "favazza2007"]
[Black "modestyblase"]
[Result "0-1"]
[WhiteElo "2140"]
[BlackElo "2408"]

1. Nf3 Nf6 2. Nc3 Nc6 3. e4 e5 4. Bc4 Nxe4 5. Bxf7+ Kxf7 6. Nxe4 d5 7. Ng3 e4 8.
Ng1 Qf6 9. Qh5+ g6 10. Qxd5+ Be6 11. Qxe4 Nb4 12. Kf1 Re8 13. Qxb7 Bd5 14. Qxc7+
Re7 15. Qc3 Qxc3 16. bxc3 Nxc2 17. Rb1 Re1# 0-1

[Event "good training "]
[Site "http://www.queenalice.com/game.php?id=1508565"]
[Date "2017.12.19"]
[Round "4"]
[White "WeirdGoblin"]
[Black "modestyblase"]
[Result "1/2-1/2"]
[WhiteElo "2346"]
[BlackElo "2423"]

1. d4 d5 2. c4 dxc4 3. e3 c5 4. Bxc4 cxd4 5. exd4 Qc7 6. Qe2 Nc6 7. Be3 a6 8.
Nc3 Nf6 9. Rc1 Bg4 10. Nf3 Qa5 11. h3 Bxf3 12. Qxf3 g6 13. O-O Bg7 14. Nd5 O-O
15. b4 Qd8 16. Rfd1 e6 17. Nxf6+ 1/2-1/2

[Event "Challenge"]
[Site "http://www.queenalice.com/game.php?id=1508679"]
[Date "2017.12.20"]
[Round "-"]
[White "modestyblase"]
[Black "WeirdGoblin"]
[Result "1-0"]
[WhiteElo "2417"]
[BlackElo "2325"]

1. d4 Nf6 2. c4 e6 3. a3 d5 4. Nf3 c6 5. e3 Bd6 6. Nc3 Nbd7 7. g4 h6 8. h3 b6 9.
cxd5 exd5 10. Bd3 Bb7 11. Qc2 Qe7 12. Bd2 O-O-O 13. a4 Kb8 14. a5 Ne4 15. axb6
axb6 16. Ke2 f5 17. gxf5 Rhf8 18. Nxe4 dxe4 19. Bxe4 Nf6 20. Bxc6 Rc8 21. d5
Nxd5 22. Nd4 Be5 23. Qa4 1-0

[Event "Challenge"]
[Site "http://www.queenalice.com/game.php?id=1509158"]
[Date "2017.12.23"]
[Round "-"]
[White "tucuman"]
[Black "modestyblase"]
[Result "0-1"]
[WhiteElo "2331"]
[BlackElo "2411"]

1. d4 d5 2. Bf4 c5 3. e3 cxd4 4. exd4 Bf5 5. Nf3 e6 6. Bxb8 Rxb8 7. Bb5+ Ke7 8.
O-O Qb6 9. Nc3 a6 10. Bd3 Bg4 11. Be2 Nf6 12. Ne5 Bxe2 13. Nxe2 g6 14. c4 dxc4
15. Qd2 Bg7 16. Nxc4 Qb5 17. Rfc1 Nd5 18. Ne5 Rbc8 19. f4 Rhd8 20. Rxc8 Rxc8 21.
g3 Qb4 22. Rd1 Qxd2 23. Rxd2 b5 24. Nd3 a5 25. Kf2 a4 26. Kf3 b4 27. h3 h6 28.
Nc5 Bxd4 29. Nxa4 Bg7 30. h4 Rc7 31. b3 h5 32. Nb2 Bxb2 33. Rxb2 Rc5 34. Kf2 Nf6
35. Kf3 Rd5 36. Nc1 Rd1 37. Rc2 Nd5 38. Ne2 Rd3+ 39. Kf2 Kd6 40. Nc1 Rc3 41.
Rxc3 Nxc3 42. Nd3 Nxa2 43. Ke3 Kd5 0-1

[Event "G4 - One game per player"]
[Site "http://www.queenalice.com/game.php?id=1561530"]
[Date "2019.2.21"]
[Round "-"]
[White "modestyblase"]
[Black "K_I_D"]
[Result "1-0"]
[WhiteElo "2421"]
[BlackElo "2110"]

1. g4 d5 2. e3 e5 3. d4 Nc6 4. Bb5 e4 5. h3 h5 6. gxh5 Qh4 7. Nc3 Nf6 8. Bd2 a6
9. Bf1 Rxh5 10. Qe2 Rf5 11. Rh2 Nb4 12. O-O-O Nd7 13. a3 Nc6 14. f3 Qg5 15. fxe4
dxe4 16. Bg2 Nf6 17. Nxe4 Nxe4 18. Bxe4 Rf6 19. Nf3 Qh6 20. d5 Ne7 21. Qc4 Rd6
22. Bb4 Qxe3+ 23. Kb1 b5 24. Qxc7 Rd7 25. Qe5 f5 26. Bxf5 Qxe5 27. Bxd7+ 1-0

[Event "Ningen Isu"]
[Site "http://www.queenalice.com/game.php?id=1579291"]
[Date "2019.8.6"]
[Round "-"]
[White "modestyblase"]
[Black "luisclaumann"]
[Result "1/2-1/2"]
[WhiteElo "2423"]
[BlackElo "2346"]

1. d4 Nf6 2. c4 e6 3. a3 d5 4. Nc3 c5 5. dxc5 Bxc5 6. e3 Nc6 7. b4 Bd6 8. Bb2 a5
9. b5 Ne5 10. Nf3 O-O 11. Na4 Nxc4 12. Bxc4 dxc4 13. O-O Qc7 14. b6 Qc6 15. Bxf6
gxf6 16. Nd4 Qe8 17. Nc3 Bd7 18. Qf3 Be7 19. Qxb7 e5 20. Nd5 exd4 21. exd4 Kg7
22. Nc7 Qc8 23. Qe4 Rb8 24. Qxe7 Qxc7 25. Qxf8+ 1/2-1/2

[Event "Valendo um frango de padaria"]
[Site "http://www.queenalice.com/game.php?id=1579292"]
[Date "2019.8.6"]
[Round "-"]
[White "luisclaumann"]
[Black "modestyblase"]
[Result "1/2-1/2"]
[WhiteElo "2377"]
[BlackElo "2421"]

1. e4 c5 2. Nf3 a6 3. c3 e6 4. d4 d5 5. e5 Bd7 6. Bd3 Nc6 7. O-O cxd4 8. cxd4
Qb6 9. Kh1 h6 10. Nc3 Nge7 11. Bd2 Nb4 12. Na4 Qc6 13. Bxb4 Qxa4 14. Qd2 Nc6 15.
Bxf8 Kxf8 16. Qf4 Ke7 17. Rfd1 Nb4 18. Ne1 Rac8 19. a3 Nxd3 20. Rxd3 Qb5 21. Qd2
Rc4 22. h3 Rhc8 23. b3 R4c6 24. a4 Qb6 25. a5 Qb5 26. h4 Kf8 27. Rg3 Be8 28. Kh2
b6 29. axb6 Qxb6 30. Qf4 Rc3 31. Nf3 Rxb3 32. Qg4 g6 33. Qf4 Ke7 34. Qxh6 Kd7
35. Qf8 Rb2 36. h5 gxh5 37. Rg7 Qb4 38. Qxb4 Rxb4 39. Rxa6 Rc6 40. Ra7+ Rc7 41.
Ra6 Rc6 42. Ra7+ Rc7 43. Ra6 Rc6 44. Rxc6 Kxc6 45. Rh7 Kd7 1/2-1/2

[Event "Challenge"]
[Site "http://www.queenalice.com/game.php?id=1600952"]
[Date "2020.2.27"]
[Round "-"]
[White "POLONIANYSA"]
[Black "modestyblase"]
[Result "1/2-1/2"]
[WhiteElo "2238"]
[BlackElo "2412"]

1. e4 c5 2. Nf3 e6 3. d4 cxd4 4. Nxd4 a6 5. Nc3 b5 6. Bd3 Bb7 7. O-O b4 8. Na4
Nf6 9. e5 Nd5 10. Be4 Qc7 11. Re1 Be7 12. Nf5 exf5 13. Bxd5 Bxd5 14. Qxd5 Qc6
15. c4 bxc3 16. Nxc3 O-O 17. Qd3 Qg6 18. Nd5 Nc6 19. Bd2 Bg5 20. Rad1 Bxd2 21.
Qxd2 Ra7 22. b3 Rb7 23. f4 a5 24. Re3 Kh8 25. Qc1 Rfb8 26. Rg3 Qe6 27. Nc3 Qe7
28. Nd5 Qf8 29. Rc3 a4 30. Qc2 h6 31. Qxf5 axb3 32. axb3 Rxb3 33. Rxb3 Rxb3 34.
Qxd7 Qc5+ 35. Kh1 Rb8 36. h3 Qc2 37. Rg1 Rd8 38. Qxf7 Qc4 39. Rd1 Nb4 40. e6
Rxd5 41. Re1 Nc6 42. e7 Nxe7 43. Rxe7 Rd1+ 44. Kh2 1/2-1/2

[Event "Challenge"]
[Site "http://www.queenalice.com/game.php?id=1647629"]
[Date "2021.3.24"]
[Round "-"]
[White "masam2014"]
[Black "modestyblase"]
[Result "0-1"]
[WhiteElo "1341"]
[BlackElo "2410"]

1. d4 d5 2. c4 c6 3. cxd5 cxd5 4. Nc3 Nf6 5. Nf3 Nc6 6. e3 a6 7. Bd3 Bg4 8. O-O
e5 9. dxe5 Nxe5 10. Be2 Bxf3 11. Bxf3 Rc8 12. Bxd5 Rxc3 13. Bxf7+ Nxf7 14. Qxd8+
Kxd8 15. bxc3 Bc5 16. Rb1 Nd6 17. Rd1 Kc7 18. Kf1 Rf8 19. Bb2 Nc4 20. Ke2 Ng4
21. Rd5 Kc6 22. Rg5 Rxf2+ 23. Ke1 Ncxe3 24. Rxg7 Rf1+ 25. Kd2 Rxb1 0-1

[Event "Challenge"]
[Site "http://www.queenalice.com/game.php?id=1647630"]
[Date "2021.3.24"]
[Round "-"]
[White "modestyblase"]
[Black "masam2014"]
[Result "1-0"]
[WhiteElo "2409"]
[BlackElo "1315"]

1. d4 d5 2. c4 e6 3. Nf3 c5 4. cxd5 exd5 5. Nc3 Nf6 6. Bg5 Be7 7. dxc5 Bxc5 8.
Bxf6 Qxf6 9. Nxd5 Qd6 10. a3 Be6 11. e4 Bxd5 12. Qxd5 Nc6 13. Rc1 b6 14. Qxd6
Bxd6 15. Rxc6 Bc5 16. b4 Be7 17. Rc7 Bf6 18. Bb5+ Kd8 19. Rd7+ Kc8 20. O-O a6
21. Bc6 Rb8 22. e5 Bd8 23. Rxf7 Rg8 24. Bd5 h6 25. Be6# 1-0

[Event "Let's Play Chess!"]
[Site "http://www.queenalice.com/game.php?id=1769050"]
[Date "2021.9.8"]
[Round "-"]
[White "e4d4sf3"]
[Black "modestyblase"]
[Result "0-1"]
[WhiteElo "2238"]
[BlackElo "2411"]

1. e4 c5 2. Nf3 d6 3. Bb5+ Nd7 4. d4 cxd4 5. Qxd4 a6 6. Bxd7+ Bxd7 7. Bg5 Rc8 8.
Nc3 h6 9. Bh4 e5 10. Qd3 g5 11. Bg3 Nf6 12. Nd2 b5 13. a4 b4 14. Ne2 a5 15. c4
h5 16. h4 g4 17. b3 Bc6 18. f3 Nd7 19. Bf2 Nc5 20. Qc2 gxf3 21. gxf3 Qf6 22. Ng3
Bh6 23. Nf5 Bd7 24. Nxh6 Rxh6 25. O-O-O Rg6 26. Rdg1 Qf4 27. Rxg6 fxg6 28. Rg1
Kf7 29. Bxc5 Rxc5 30. Qd3 d5 31. exd5 Bf5 32. Qe2 Qd4 33. Qg2 Qa1+ 34. Nb1 Qxb1+
35. Kd2 Qxb3 0-1

[Event "Let's Play Chess!"]
[Site "http://www.queenalice.com/game.php?id=1769051"]
[Date "2021.9.8"]
[Round "-"]
[White "modestyblase"]
[Black "e4d4sf3"]
[Result "1-0"]
[WhiteElo "2416"]
[BlackElo "2138"]

1. e4 c6 2. d4 d5 3. e5 Bf5 4. Nd2 e6 5. Nb3 Nd7 6. Ne2 Ne7 7. Ng3 Bg6 8. Be3
Nf5 9. Nxf5 Bxf5 10. Be2 Be7 11. O-O O-O 12. h3 Rc8 13. c3 a6 14. a4 c5 15. Re1
c4 16. Nd2 b5 17. axb5 axb5 18. b4 Ra8 19. Nf1 Rxa1 20. Qxa1 Qa8 21. Qb2 Qb7 22.
Ra1 Ra8 23. Ng3 Bg6 24. Ra2 Nb6 25. Bd1 Rxa2 26. Qxa2 Qa8 27. Qa5 Qxa5 28. bxa5
Nc8 29. f4 Bb1 30. Bd2 Na7 31. a6 Bd8 32. f5 g6 33. fxe6 fxe6 34. Bc1 Ba5 35.
Bg4 Kf7 36. Ne2 b4 37. cxb4 Bxb4 38. Nf4 Bf5 39. Bxf5 gxf5 40. Kf2 Nc6 41. Ke3
Bc3 42. Ne2 Bb4 43. Bd2 Be7 44. Ba5 Bg5+ 45. Kf3 Ke8 46. Bb6 Bd2 47. a7 Nxa7 48.
Bxa7 c3 49. Bc5 c2 50. Ba3 Kf7 51. Bc1 Bb4 52. Ke3 Kg6 53. Nf4+ Kf7 54. Kd3 Ba5
55. Kxc2 Bd8 56. Kb3 Be7 57. Ka4 Bf8 58. Kb5 Bh6 59. Kc6 1-0